000 01162nam a2200325 a 4500
001 000012903
003 DO-SdBNP
005 20240327140631.0
006 a||||gr|||| 00| 0
007 ta
008 091118e1998 dr 000 0 spa d
040 _aDO-SdBNP
_bspa
_cBNPHU
_erda
082 4 _a305.80097293
_bF825n, 1998
_222
100 1 _aFranco, Franklin J.
_919014
_eautor
245 1 4 _aLos negros, los mulatos y la nación dominicana /
_cFranklin J. Franco ; prólogo Juan I. Jimenes Grullón.
250 _a9a. edición
264 _aSanto Domingo :
_bArtes Gráficas de Impresora Vidal,
_c1998.
300 _avii, 187 páginas completadas ;
_c20 cm.
336 _2rdacontent
_atexto
_btxt
337 _2rdamedia
_asin mediación
_bn
338 _2rdacarrier
_avolumen
_bnc
500 _aIncluye notas, páginas 165 - 175
504 _aBibliografía : páginas 177-187
590 _aInventariado, 2024 / MF
650 4 _aEsclavitud
_zRepública Dominicana
_929788
650 4 _aNegros
_zRepública Dominicana
_92558
700 1 _aJimenes Grullón, Juan I.,
_d1903-
_eprólogo
_929789
910 _aValidado. Control de calidad. MFF
942 _2ddc
_cLBS1
999 _c12551
_d12551